Best Loan Signings - Statistics

General Stats
  • This quiz has been taken 17 times
  • The average score is 3 of 16
Answer Stats
Hint Answer % Correct
Chelsea to West Brom Romelu Lukaku
79%
LA Galaxy to AC Milan David Beckham
64%
West Ham to Manchester United Carlos Tevez
57%
Real Madrid to Monaco Fernando Morientes
36%
Chelsea to Southampton Ryan Bertrand
29%
Chelsea to Atletico Madrid Thibaut Courtois
29%
Real Sociedad to Everton Mikel Arteta
14%
Chelsea to Bolton Daniel Sturridge
7%
Manchester United to Sunderland Danny Welbeck
7%
Sampdoria to Tottenham Jurgen Klinsmann
7%
Tottenham to Aston Villa Kyle Walker
7%
Inter Milan to Leeds Robbie Keane
7%
Juventus to Barcelona Edgar Davids
0%
Milan to Chelsea George Weah
0%
Chelsea to Watford Nathan Ake
0%
Tottenham to Swansea Steven Caulker
0%
No matching quizzes found
Score Distribution
Percent of People with Each Score
Percentile by Number Answered
Your Score History
You have not taken this quiz